000 00507nam a2200181Ia 4500
008 240729s9999 xx 000 0 und d
022 _a1477-9560
245 0 _aThrombosis Journal
260 _aUnited Kingdom
260 _bBMC
650 _a Diseases of the blood and blood-forming organs
650 _a Internal medicine
650 _a Specialties of internal medicine
650 _aMedicine
856 _uhttps://doaj.org/toc/784c98ed8ecc4b538e7661d18d901fb8
942 _2ddc
942 _cDOAJEJ
999 _c74107
_d74107
945 _a1
_bMadushi Gamage
_c1
_dMadushi Gamage